Normal view MARC view

Entry Topical Term

Number of records used in: 1

001 - CONTROL NUMBER

  • control field: 9649

003 - CONTROL NUMBER IDENTIFIER

  • control field: OSt

005 - DATE AND TIME OF LATEST TRANSACTION

  • control field: 20260207120955.0

008 - FIXED-LENGTH DATA ELEMENTS

  • fixed length control field: 260207|| aca||aabn | a|a d

040 ## - CATALOGING SOURCE

  • Original cataloging agency: OSt
  • Transcribing agency: OSt

150 ## - HEADING--TOPICAL TERM

  • Form subdivision: Malayalam, Health

670 ## - SOURCE DATA FOUND

  • Source citation: Work cat.: (OSt)755965: ഷർമദ് ഖാൻ I Sharmadh Khan 9646, രോഗിയാകാൻ ഇത്ര ധൃതി എന്തിന് ?/Roghiyakan Ithra Drithi Enthinu?, 2025.